000 00821nam a22001937a 4500
003 BR-ViAPE
005 20260417132040.0
008 260417s1935 por gs||||s000 0 por d
040 _cBR-ViAPE
110 _aEspírito Santo
_bEstado
245 _aRelatório da contadoria geral exercícios de 1935 - prestação de contas
260 _a[Vitória]
_bImprensa Official
_c1936
300 _a71 p.
_bDocumento digitalizado (PDF)
500 _aDocumento digitalizado do acervo institucional do Arquivo Público do Estado do Espírito Santo - APEES.
650 _xAdministração pública
_zEspírito Santo
651 _aEspírito Santo
_xRelatórios governamentais
856 _uhttps://ape.es.gov.br/Media/ape/PDF/Relatorios/1930/relatorio%20-%20ano%201936.pdf
_yCLIQUE AQUI PARA ACESSAR O DOCUMENTO
942 _2ddc
_cMSGREL
_n1
999 _c509
_d509